Oceanian Countries By Highest Percentage Of Land - Statistics

General Stats
  • This quiz has been taken 31 times
  • The average score is 8 of 10
Answer Stats
Percentage Country % Correct
86.1% Australia
100%
3.0% New Zealand
100%
5.2% Papua New Guinea
100%
0.01% Tonga
93%
0.1% Vanuatu
93%
0.2% Fiji
89%
0.03% Samoa
89%
0.01% Kiribati
86%
0.01% Micronesia
82%
0.3% Soloman Islands
11%
No matching quizzes found
Score Distribution
Percent of People with Each Score
Percentile by Number Answered
Your Score History
You have not taken this quiz